[Event "SRB-chT 1st League Men 2018"]
[Site "Valjevo"]
[Date "2018.09.01"]
[Round "2"]
[White "Solomunovic, Igor"]
[Black "Savic, Miodrag R"]
[Result "0-1"]
[WhiteElo "2399"]
[BlackElo "2506"]
[Annotator "TA"]
[PlyCount "102"]
[EventDate "2018.08.31"]
[EventType "team-tourn"]
[EventCountry "SRB"]
[SourceTitle "playchess.com"]
[Source "ChessBase"]
[SourceQuality "1"]

{[%evp 21,102,22,30,30,33,25,35,20,60,59,67,52,68,64,64,54,63,64,72,65,56,60,132,128,129,111,122,134,123,29,29,29,29,29,29,29,29,29,29,29,29,0,0,0,0,0,0,0,0,0,4,0,0,-68,-67,-83,-92,-100,-87,-111,-76,-95,-15,-15,-15,-72,-75,-29965,-29965,-29964,-29968,-29968,-29969,-29977,-29978,-29978,-29968,-29982,-29983,-29983,-29983,-29983,-29984]} 1. d4 Nf6 2. Nf3 e6 3. c4 Bb4+ 4. Nbd2 b6 5. a3 Bxd2+ 6. Bxd2 Bb7 7. g3 d6 {E11: Bogo-Indian} 8. Bg2 Nbd7 9. O-O a5 10. b4 axb4 11. axb4 O-O {LiveBook: 4 Games} 12. b5 h6 $146 ({Predecessor:} 12... Rxa1 13. Qxa1 Qa8 14. Bb4 Be4 15. Rc1 {1-0 (61) Bareev,E (2670)-Hjartarson,J (2625) Munich 1993}) 13. Bb4 Re8 14. Qb3 Ne4 15. Rxa8 Qxa8 16. Qb2 Ng5 {[%cal Rg5f3]} 17. Ra1 Nxf3+ 18. exf3 Qb8 19. Bc3 e5 20. d5 Nc5 21. f4 {[%cal Rf4e5]} f6 (21... Bc8 $14) 22. fxe5 $16 fxe5 23. f4 Qd8 24. fxe5 Nd3 25. Qd2 (25. Qe2 $16 Nxe5 26. Bh3) 25... Nxe5 $11 26. Bxe5 Rxe5 27. Bh3 {Hoping for Be6+.} Qe8 $1 28. Ra7 Bc8 29. Ra8 Bxh3 ({Reject} 29... Re1+ $6 30. Kf2 $16) 30. Rxe8+ Rxe8 {[%mdl 4096] Endgame KQ-KRB} 31. Qd3 (31. Kf2 {seems wilder.} Bg4 32. Qd4 h5 33. Qa1 Kf7 34. Qf1) 31... Rf8 32. g4 Bxg4 33. Kg2 Rf4 34. h3 Bf5 35. Qe2 Kh7 36. Kg3 Rd4 37. h4 ({White should try} 37. Qf2 $11 Rd3+ 38. Kg2 Be4+ 39. Kh2) 37... Rg4+ $15 38. Kf2 Rxh4 39. Kg3 Rg4+ 40. Kf2 Re4 41. Qa2 Bg6 (41... Rf4+ $17 42. Kg3 Rg4+ 43. Kf3 Rd4) 42. c5 $1 $11 bxc5 {[%cal Bb6c5,Bc5c4,Bc4c3,Bc3c2][%mdl 32] White must now prevent ...Re7.} 43. Qa7 (43. Qa8 $11 {keeps the balance.}) 43... Re7 $17 44. Qb8 $2 {[%mdl 8192] [#]} (44. Qb7 $17) 44... c4 $1 {[%cal Rc4c3] Black mates.} 45. b6 cxb6 46. Qxd6 Rf7+ 47. Ke3 {[#]} c3 $1 {[%cal Rc3c2]} 48. Qc6 Re7+ 49. Kd4 c2 50. d6 Re6 51. Qc7 {[#]} Rxd6+ $1 {[%mdl 512] Precision: White = 56%, Black = 60%.} 0-1

[Event "SRB-chT 1st League Men 2018"]
[Site "Valjevo"]
[Date "2018.09.01"]
[Round "2"]
[White "Rabrenovic, Vladan"]
[Black "Maksimovic, Branimir"]
[Result "0-1"]
[WhiteElo "2364"]
[BlackElo "2306"]
[Annotator "TA"]
[PlyCount "173"]
[EventDate "2018.08.31"]
[EventType "team-tourn"]
[EventCountry "SRB"]
[SourceTitle "playchess.com"]
[Source "ChessBase"]
[SourceQuality "1"]

{[%evp 16,173,-14,-32,-9,-22,21,4,11,28,30,15,37,0,11,0,-8,-14,3,1,47,42,40,22,19,8,14,16,17,3,0,-49,0,-5,0,0,10,-26,-21,-22,0,-4,0,-57,-57,-64,-62,-66,-58,-73,-66,-185,-192,-186,-185,-206,-138,-143,-145,-156,-84,-89,-87,-100,-86,-126,-107,-129,-106,-99,-97,-101,-96,-75,-73,-80,-62,-60,-59,-66,-19,-61,-50,-58,-47,-52,-51,-59,-59,-76,-69,-72,-77,-95,-100,-179,-190,-171,-63,-191,-189,-226,-230,-247,-243,-283,-276,-276,-280,-317,-335,-327,-284,-317,-287,-302,-273,-291,-232,-253,-213,-269,-276,-347,-364,-358,-340,-533,-534,-539,-542,-518,-527,-551,-450,-535,-510,-550,-568,-525,-358,-357,-352,-601,-560,-4133,-2206,-1901,-648,-733,0,-1379,-658,-830,-710,-1310,-1023,-2070,-1895,-1649]} 1. d4 Nf6 2. c4 e6 3. Nc3 Bb4 4. e3 O-O 5. Nge2 Re8 6. a3 Bf8 7. d5 a5 8. Rb1 {E46: Nimzoindisch (Rubinstein-System)} Na6 9. Ng3 {LiveBook: 3 Partien} Nc5 10. b3 {Die Stellung ist ausgeglichen.} b6 $146 ({Vorgänger:} 10... exd5 11. cxd5 c6 12. a4 d6 13. Bc4 Bg4 14. f3 cxd5 15. Nxd5 Nxd5 16. Bxd5 {½-½ (52) Cruz,C (2553)-Bartel,M (2640) Tromsoe 2014}) 11. Be2 Bb7 12. O-O exd5 13. cxd5 c6 14. Bf3 Qc7 15. Bb2 Ba6 16. Be2 Bxe2 17. Ngxe2 Ng4 {[%csl Gg4][%cal Rc7h2]} 18. Nf4 Ne5 19. Ba1 b5 20. b4 Nb7 21. Ne4 {zielt auf Sh5 ab.} Nd6 22. Nxd6 Qxd6 23. Qd4 axb4 24. axb4 Ra4 {[%cal Ra4b4]} 25. Bc3 Qh6 26. Nd3 Bd6 $36 {[%mdl 2048] ( -> ...Sf3+!). Schwarz kämpft um Vorteil.} 27. f4 Nc4 {Und ...Dg6 würde nun gewinnen.} 28. Rf3 Bf8 29. Rg3 (29. Nc5 $11 Bxc5 30. Qxc5) 29... Nd6 $1 $15 {[%cal Bc4d6,Bd6f5,Bf5g3,Bg3e4][%mdl 32] Und weiter mit ...Sf5 wäre nett.} 30. Nc5 Nf5 31. Qd3 Nxg3 32. Nxa4 Ne4 33. Nb2 (33. Be5 $1 $15) 33... cxd5 $19 34. Be1 {[#]} Qc6 $1 35. Ra1 Rc8 36. Rd1 Nf6 37. Bd2 Qc2 ({Besser ist} 37... Qe6 38. Bc3 Ne4) 38. Rc1 $17 Qxd3 39. Nxd3 Rc4 40. Ra1 Rc2 41. Rd1 Ne4 42. Be1 {[#]} f6 $1 43. Kf1 Kf7 44. Rc1 Rc4 (44... Ra2 {is more complex.} 45. Rc7 Ke7 46. Nc5 Nd6 47. Bc3 Ke8) 45. Ra1 d4 46. exd4 Rxd4 47. Ke2 Nd6 48. Bf2 Rc4 49. Ra7 Ke8 50. Bc5 Be7 51. Ra8+ Kf7 52. Rb8 Ne4 {[%cal Re7c5]} 53. Bxe7 Kxe7 $15 {[%mdl 4096] Endspiel KTS-KTS} 54. g3 Rc2+ 55. Ke3 (55. Kf3 $17 {war einen Versuch wert.} Nd6 56. Rg8) 55... Nd6 $19 56. Rg8 Ne8 (56... Rxh2 57. Rxg7+ Ke8 58. Kf3 $17) (56... Nf5+ $19 57. Ke4 g6) 57. h4 (57. h3 $1 $15) 57... f5 58. Ne5 Rc3+ 59. Nd3 d6 60. h5 h6 61. Kd2 Ra3 62. Ke2 Kf7 63. Rh8 Ra6 64. Ne1 Ra2+ 65. Ke3 Ra3+ 66. Nd3 Ra1 67. Ke2 Rh1 68. Nf2 Rg1 ({Jedoch nicht} 68... Rxh5 69. Kf1 $17) 69. Kf3 Nf6 70. Rb8 Nxh5 71. Rxb5 (71. Nd3 $142) 71... Rxg3+ 72. Ke2 Nxf4+ 73. Kd2 Ke6 74. Rb8 Nd5 75. Nd3 Rg2+ 76. Ke1 f4 {[%cal Bf5f4,Bf4f3][%mdl 32]} 77. b5 f3 78. b6 Kd7 {Droht ...Te2+ und aus.} 79. Nf2 $2 (79. Rf8 Nxb6 80. Rxf3) 79... Kc6 80. Nd3 Re2+ 81. Kd1 Nc3+ 82. Kc1 Nd5 83. Kd1 $1 Re7 {Schwarz steht klar auf Gewinn.} 84. Kd2 g5 85. Rh8 Nxb6 86. Rxh6 Re2+ 87. Kd1 {Precision: Weiß = 39%, Schwarz = 55%.} 0-1

[Event "SRB-chT 1st League Men 2018"]
[Site "Valjevo"]
[Date "2018.09.01"]
[Round "2"]
[White "Laketic, Gojko"]
[Black "Radovic, Luka"]
[Result "1-0"]
[WhiteElo "2335"]
[BlackElo "2342"]
[Annotator "TA"]
[PlyCount "105"]
[EventDate "2018.08.31"]
[EventType "team-tourn"]
[EventCountry "SRB"]
[SourceTitle "playchess.com"]
[Source "ChessBase"]
[SourceQuality "1"]

{[%evp 17,105,7,18,15,50,10,45,47,81,68,67,54,75,76,79,68,73,20,22,23,97,35,68,68,68,68,68,68,68,68,66,31,67,45,67,67,68,68,106,106,106,99,106,104,106,74,119,63,123,123,129,129,162,131,181,181,181,181,313,281,291,264,250,214,174,174,285,278,276,233,203,129,188,188,188,188,188,188,188,188,188,188,1392,1427,1402,1367,1366,1308,1265,1193]} 1. d4 d5 2. c4 c6 3. Nf3 Nf6 4. Qc2 g6 5. Bf4 Bg7 6. e3 O-O 7. Nc3 Bg4 8. Ne5 {D93: Grünfeld: 4 Nf3 Bg7 5 Bf4 0-0 6 e3} Be6 9. Be2 Nbd7 {LiveBook: 5 Games} 10. cxd5 {The position is equal.} cxd5 $146 ({Predecessor:} 10... Nxd5 11. Nxd5 Bxd5 12. Nxd7 Qxd7 13. O-O Qe6 14. b4 a5 15. a3 f5 {½-½ (33) Dubov,D (2661)-Kobalia,M (2623) Kaliningrad 2015}) 11. Qb3 Qb6 12. Nxd7 Nxd7 13. O-O Rfc8 14. Rfc1 a6 15. Bf3 Qxb3 16. axb3 Nb6 17. Na4 (17. g4 $16) 17... Nxa4 $11 18. bxa4 f5 (18... f6 $11 {remains equal.}) 19. b4 (19. g3 $16) 19... Bf7 20. Rc5 e6 21. Rac1 $1 Rxc5 22. bxc5 {Black must now prevent Rb1.} Be8 23. Rb1 Bc6 24. Bd1 Bf6 25. Bc7 Rc8 26. Bd6 Kf7 27. f4 Be7 28. Bxe7 Kxe7 $16 {[%mdl 4096] Endgame KRB-KRB} 29. a5 Rc7 30. Be2 Kf6 31. g4 h6 32. Kf2 (32. h3 $16) 32... Rg7 (32... fxg4 $14 33. Bxg4 g5) 33. h4 Re7 34. Kg3 Be8 35. Rb6 h5 36. gxh5 gxh5 37. Bf3 Kg7 (37... Rd7 $142 38. Kf2 Ke7) 38. Rd6 Kh7 39. Be2 Kg7 40. Kf2 Kf6 41. Bf3 {[#] Bxd5 is the strong threat.} Kg7 (41... Bc6 {might work better.} 42. Rd8 (42. Bxh5 Rh7 $14) 42... Re8 43. Rxe8 Bxe8) 42. Rb6 $18 Kh7 43. Be2 Kg7 44. Rb1 Kh6 (44... Kf6 $16 {keeps fighting.} 45. Bf3 Rh7) 45. Rg1 Kh7 46. Ke1 Kh6 47. Kd2 Bc6 48. Kc3 Rg7 49. Rg5 Be8 $2 (49... Kh7 50. Bxh5 (50. Rxh5+ Kg6 $16) 50... Kh6) 50. Rxg7 {White is clearly winning.} Kxg7 {[#]} 51. c6 $1 {[%mdl 512]} Bxc6 (51... bxc6 52. Bxa6) 52. Bxh5 Kf6 53. Kb4 {Precision: White = 65%, Black = 29%.} 1-0

[Event "SRB-chT 1st League Men 2018"]
[Site "Valjevo"]
[Date "2018.09.01"]
[Round "2"]
[White "Ilic, Dragan M"]
[Black "Vratonjic, Slobo"]
[Result "1/2-1/2"]
[WhiteElo "2306"]
[BlackElo "2402"]
[Annotator "TA"]
[PlyCount "83"]
[EventDate "2018.08.31"]
[EventType "team-tourn"]
[EventCountry "SRB"]
[SourceTitle "playchess.com"]
[Source "ChessBase"]
[SourceQuality "1"]

{[%evp 19,83,-22,-14,-58,-49,-60,-57,-129,-55,-55,-60,-70,-46,-53,-47,-57,-52,-64,-75,-89,-70,-89,-61,-68,-61,-81,-87,-94,-78,-77,-79,-75,-82,-87,-76,-102,-102,-102,-102,-100,-102,-127,-115,-159,-94,-91,-93,-98,-79,-87,-22,-24,0,0,0,0,0,0,0,0,0,0,0,0,0,-2]} 1. d4 Nf6 2. c4 e6 3. Nc3 Bb4 4. e3 O-O 5. a3 Bxc3+ 6. bxc3 c5 7. Bd3 Nc6 8. Ne2 b6 9. e4 Ne8 10. Be3 Ba6 {LiveBook: 16 Games. E29: Nimzo-Indian: Sämisch: 5...0-0 6 e3 c5 7 Bd3 Nc6} 11. dxc5 (11. Ng3 Na5 12. Qe2 Rc8 13. d5 f5 14. exf5 exd5 15. cxd5 Bxd3 16. Qxd3 Qh4 17. O-O Qc4 18. Rad1 Qxd3 19. Rxd3 {½-½ (45) Svidler,P (2747)-Kramnik,V (2801) Paris/St Petersburg 2013}) 11... Ne5 12. cxb6 axb6 {[%cal Ba7b6,Bb6b5][%mdl 32] Black is slightly better.} 13. Rb1 {[#]} (13. O-O $15) 13... Bxc4 (13... Nd6 $1 $17 14. Bxb6 Qg5) 14. Bc2 $15 b5 15. O-O $146 ({Predecessor:} 15. Bc5 d6 16. Bb4 Nc6 17. Bd3 Bxd3 18. Qxd3 Nxb4 {½-½ (18) Lukov,V (2435)-Spassov,L Sofia 1984}) 15... d6 16. Ra1 Qc7 17. Bd4 Nf6 18. h3 Ned7 19. Bd3 e5 20. Be3 d5 21. exd5 Nxd5 22. Bxc4 Qxc4 23. Qd2 N7f6 24. Rfd1 h6 25. Qd3 Rfc8 26. Qxc4 Rxc4 27. Rab1 Nxe3 ({Reject} 27... Nxc3 $6 28. Nxc3 Rxc3 29. Rxb5 $11) ({Much worse is} 27... Rxa3 28. Rxb5 Nxe3 29. fxe3 $11) 28. fxe3 Rc5 ({Much weaker is} 28... Rxa3 $6 29. Rxb5 Ra2 30. Kf1 $11) 29. Rb3 Ne4 30. Rd7 g6 31. g4 Rac8 (31... Ra6 $142 32. Kg2 Kg7) 32. Rb7 $17 Nd6 33. Rd7 Nc4 34. Kf2 Ra8 (34... R5c6 $17 35. Ng3 Rf6+ 36. Ke2 Rd6 37. Rxd6 Nxd6) 35. Ng3 $1 $11 Nxa3 36. Ne4 {The position is equal.} Rc6 37. h4 Ra4 38. Kf3 Nc2 {[#] ...Ne1+ is the strong threat.} 39. Nd6 Raa6 40. Ne4 Ra4 {Hoping for ...Ne1+.} 41. Nd6 Raa6 42. Ne4 {Precision: White = 72%, Black = 64%.} 1/2-1/2

[Event "SRB-chT 1st League Men 2018"]
[Site "Valjevo"]
[Date "2018.09.01"]
[Round "2"]
[White "Omorjan, Dejan"]
[Black "Vucinic, Gojko"]
[Result "1-0"]
[WhiteElo "2260"]
[BlackElo "2411"]
[Annotator "TA"]
[PlyCount "65"]
[EventDate "2018.08.31"]
[EventType "team-tourn"]
[EventCountry "SRB"]
[SourceTitle "playchess.com"]
[Source "ChessBase"]
[SourceQuality "1"]

{[%evp 18,65,59,29,64,63,185,197,214,211,224,216,252,241,237,247,243,229,285,246,229,246,238,216,254,241,260,267,265,235,318,288,354,325,389,391,387,392,479,471,472,484,479,480,466,454,488,512,575,579]} 1. e4 c5 2. c3 g6 3. d4 d5 4. exd5 Qxd5 5. Nf3 Bg7 6. Na3 Nf6 7. Bc4 {[%cal Bf1c4,Bc4d5,Bd5e4][%mdl 32]} Qe4+ 8. Be3 O-O 9. O-O cxd4 {B22: Sicilian: 2 c3} 10. Bxd4 {LiveBook: 35 Games} (10. Nxd4 {keeps more tension.} Qe5 11. Qd2 Ne4 12. Qc1 Nd6 13. Bb3) 10... Bg4 11. Bxf6 $1 Bxf6 $146 (11... exf6 $14 12. Bd5 Qe7) ({Predecessor:} 11... exf6 12. Bd5 Qe7 13. Re1 Qd7 14. h3 Bxf3 15. Qxf3 Nc6 16. Rad1 Qc7 17. Bxc6 bxc6 {½-½ (47) Jonkman,H (2310)-Epishin,V (2585) Bad Wiessee 1998}) 12. Bd5 $18 Bxf3 13. Bxe4 Bxd1 14. Bxb7 ({Less strong is} 14. Raxd1 Nc6 $14) 14... Be2 15. Rfe1 (15. Bxa8 Bxf1 16. Kxf1 (16. Rxf1 Nd7 $16) 16... Nd7 $16) 15... Nd7 {[#] Hoping for ...Rab8.} 16. Bxa8 ({Weaker is} 16. Rxe2 Rab8 $14) 16... Ba6 17. Bd5 Ne5 18. Re3 Rb8 19. Bb3 Nd7 20. Bc4 Bc8 21. Re2 Ne5 22. Bb3 Bf5 23. Rd1 Kg7 24. Red2 a5 25. h3 e6 26. f4 Nc6 27. Ba4 Rc8 28. Nb5 {White is clearly winning.} Be7 29. Nd6 Bxd6 30. Rxd6 Ne7 31. Ra6 Nd5 32. Rd4 Rc5 33. Rc6 {Precision: White = 72%, Black = 23%.} 1-0

[Event "SRB-chT 1st League Men 2018"]
[Site "Valjevo"]
[Date "2018.09.02"]
[Round "3"]
[White "Berkes, Ferenc"]
[Black "Georgiev, Kiril"]
[Result "1-0"]
[WhiteElo "2678"]
[BlackElo "2590"]
[Annotator "TA"]
[PlyCount "67"]
[EventDate "2018.08.31"]
[EventType "team-tourn"]
[EventCountry "SRB"]
[SourceTitle "playchess.com"]
[Source "ChessBase"]
[SourceQuality "1"]

{[%evp 23,67,21,25,13,13,14,18,14,26,15,24,13,25,14,33,32,81,17,17,18,21,17,64,57,119,52,52,57,62,43,122,85,198,191,271,233,244,242,1339,337,1182,353,676,-14,462,458]} 1. d4 Nf6 2. Nf3 e6 3. c4 d5 4. Nc3 Be7 5. Bf4 O-O 6. e3 Nbd7 7. c5 c6 8. h3 b6 {D37: Damengambit (5.Lf4)} 9. b4 a5 10. a3 Bb7 (10... h6 11. Bd3 Ba6 12. O-O Qc8 13. Qc2 Bxd3 14. Qxd3 Qb7 {½-½ (44) Nakamura,H (2780)-Topalov,V (2749) Saint Louis 2017}) 11. Bd3 Qc8 12. O-O Ba6 {LiveBook: 30 Partien} 13. Rb1 Bxd3 14. Qxd3 axb4 15. axb4 Qb7 16. Rfc1 {[#]} Rfc8 $146 17. Qc2 Bd8 18. Ne1 Bc7 19. Nd3 h6 20. b5 (20. Bxc7 $16 Qxc7 21. b5) 20... Bxf4 $11 21. exf4 bxc5 22. dxc5 {[%cal Bd4c5,Bc5c6][%mdl 32]} cxb5 23. Nxb5 {Schwarz muss nun Sd6 beachten.} Qc6 ({Lieber} 23... Nxc5 $14 24. Nxc5 Qe7) 24. Nd4 (24. Qe2 $16) 24... Qa4 $14 25. Rb4 $36 {[%mdl 2048] Weiss kämpft um Vorteil.} Qxc2 26. Rxc2 Ne4 (26... Nb8 $14) 27. c6 $16 Ndf6 {[#]} (27... Nb8 $16) 28. f5 $1 $18 Ra6 (28... exf5 $142 29. Nxf5 Kf8) 29. c7 Nd7 30. Nc6 {zielt auf Se7+ ab.} Nf8 $2 (30... Kf8) 31. fxe6 $2 (31. Ne7+ Kh7 32. Nxc8) 31... fxe6 $2 {[#]} (31... Rxc7 32. e7 Ra8 33. exf8=R+ Kxf8) 32. Rb7 $2 (32. Ne7+ Kh7 33. Nxc8 Ra1+ 34. Kh2) 32... Nd6 $2 (32... Kf7 33. Nde5+ Kf6) 33. Na7 $2 (33. Ne7+ $18 Kf7 34. Nxc8 Nxb7 35. Ne5+ Kf6 36. f4) 33... Rxa7 $2 {[%mdl 8192]} (33... Ra8 $11 {und Schwarz ist OK.}) 34. Rxa7 {Precision: Weiß = 30%, Schwarz = 22%.} 1-0

[Event "SRB-chT 1st League Men 2018"]
[Site "Valjevo"]
[Date "2018.09.02"]
[Round "3"]
[White "Perunovic, Milos"]
[Black "Indjic, Aleksandar"]
[Result "1-0"]
[WhiteElo "2601"]
[BlackElo "2585"]
[Annotator "TA"]
[PlyCount "107"]
[EventDate "2018.08.31"]
[EventType "team-tourn"]
[EventCountry "SRB"]
[SourceTitle "playchess.com"]
[Source "ChessBase"]
[SourceQuality "1"]

{[%evp 28,107,0,-12,36,0,12,0,0,0,0,0,0,0,8,0,0,0,12,14,13,21,72,75,74,83,103,98,123,103,114,115,166,166,235,243,232,233,258,245,238,250,245,258,285,214,308,308,303,301,308,310,313,308,346,348,397,396,396,400,500,494,448,459,690,675,839,831,822,789,780,779,869,841,791,771,904,859,1201,1152,1117,1018]} 1. e4 e5 2. Nf3 Nc6 3. Bb5 a6 4. Ba4 Nf6 5. O-O Be7 6. Re1 b5 7. Bb3 d6 8. c3 O-O 9. d4 {[%cal Bd2d4,Bd4d5][%mdl 32]} Bg4 10. d5 Na5 11. Bc2 Qc8 12. Nbd2 {C91: Closed Ruy Lopez: 7...d6 8 c3 0-0 9 d4} (12. h3 Bd7 13. Nbd2 c6 14. dxc6 Bxc6 15. Nf1 Re8 16. Bg5 Qe6 17. b3 Rac8 18. Qd2 Nh5 19. g4 Nf6 20. Ng3 g6 21. Bh4 Nd7 22. Ng5 Bxg5 23. Bxg5 {1-0 (42) Andreikin,D (2723)-Grigoriants,S (2576) Minsk 2017}) 12... c6 13. b4 Nb7 14. dxc6 Qxc6 15. Bb2 {LiveBook: 36 Games} Bd8 {[#]} 16. Bb3 $146 ({Predecessor:} 16. Bd3 Bb6 17. c4 Nd8 18. h3 Bxf3 19. Qxf3 Ne6 {½-½ (143) Negi,P (2526)-Sethuraman,S (2424) Chennai 2008}) 16... a5 17. a4 bxa4 18. Bxa4 Qc8 19. h3 Be6 20. Ng5 Bd7 21. Bxd7 Qxd7 22. Ngf3 Rb8 23. Nc4 $36 {[%mdl 2048] Black is under pressure.} Bc7 24. Ba3 Qb5 (24... Rfd8 $11) 25. Nxa5 $16 Nxa5 26. bxa5 Rfd8 27. Bb4 Qc6 28. Qa4 Qa6 29. Qa2 h6 (29... Rbc8 $16 30. Nh4 g6) 30. Nh4 $18 d5 (30... Rd7 $142 31. Nf5 Kh7) 31. Nf5 Qe6 32. Ne7+ Kh7 {intending ...Rxb4.} 33. exd5 Nxd5 {[#]} 34. a6 $1 Ra8 35. Qc4 {Threatens to win with Nxd5.} Bb6 36. Qe4+ g6 {[#]} (36... Kh8 {was called for.}) 37. Nxd5 $1 ({Less strong is} 37. Qxe5 Qxe5 38. Rxe5 Nc7 $16) 37... Qxd5 38. Qxe5 Qxe5 39. Rxe5 Rd2 40. Bc5 Bxc5 41. Rxc5 {[%mdl 4096] Endgame KRR-KRR} Ra7 42. Rc6 Kg7 43. Rb6 Rdd7 44. c4 {[%cal Bc3c4,Bc4c5,Bc5c6][%mdl 32] White is clearly winning.} Rdc7 45. Ra4 Re7 (45... Kg8 $142 46. c5 Kf8) 46. c5 Rec7 47. c6 Ra8 48. Rc4 Rac8 49. f3 Kf6 50. Ra4 Ra8 51. a7 Ke6 52. Rb7 Kd6 53. Rxc7 Kxc7 54. Ra6 {Precision: White = 83%, Black = 44%.} 1-0

[Event "SRB-chT 1st League Men 2018"]
[Site "Valjevo"]
[Date "2018.09.02"]
[Round "3"]
[White "Svetushkin, Dmitry"]
[Black "Nikolic, Predrag"]
[Result "1/2-1/2"]
[WhiteElo "2580"]
[BlackElo "2584"]
[Annotator "TA"]
[PlyCount "42"]
[EventDate "2018.08.31"]
[EventType "team-tourn"]
[EventCountry "SRB"]
[SourceTitle "playchess.com"]
[Source "ChessBase"]
[SourceQuality "1"]

{[%evp 20,42,37,40,60,28,45,41,41,44,54,46,44,33,45,33,41,0,0,0,0,-9,0,-61,-64]} 1. e4 e5 2. Nf3 Nc6 3. Bb5 {[%cal Bf1b5,Bb5a4,Ba4b3][%mdl 32]} a6 4. Ba4 Nf6 5. O-O Be7 6. Re1 b5 7. Bb3 d6 8. c3 O-O 9. h3 Be6 10. Bxe6 fxe6 11. d4 {LiveBook: 12 Games. C92: Closed Ruy Lopez: 9...Be6, Karpov and Flohr-Zaitsev Variations} h6 12. Nbd2 Qd7 $146 ({Predecessor:} 12... Qe8 13. a4 Qf7 14. dxe5 dxe5 15. Qb3 Nd7 16. axb5 Nc5 17. Qa2 axb5 18. Qxa8 Rxa8 19. Rxa8+ {½-½ (58) Najer,E (2681)-Nikolic,P (2602) Germany 2010}) 13. Nf1 {White is slightly better.} exd4 14. cxd4 d5 15. e5 Ne4 16. N1d2 Nxd2 17. Bxd2 a5 18. Re3 {[%cal Be1e3,Be3f3,Bf3f4][%mdl 32]} Rxf3 19. Rxf3 {[#] Be3 is the strong threat.} Nxd4 20. Rf4 c5 21. Rc1 (21. Rxd4 $11 cxd4 22. Rc1) 21... Nf5 1/2-1/2

[Event "SRB-chT 1st League Men 2018"]
[Site "Valjevo"]
[Date "2018.09.02"]
[Round "3"]
[White "Ivanisevic, Ivan"]
[Black "Predojevic, Borki"]
[Result "1/2-1/2"]
[WhiteElo "2578"]
[BlackElo "2624"]
[Annotator "TA"]
[PlyCount "43"]
[EventDate "2018.08.31"]
[EventType "team-tourn"]
[EventCountry "SRB"]
[SourceTitle "playchess.com"]
[Source "ChessBase"]
[SourceQuality "1"]

{[%evp 19,20,10,15]} 1. d4 d5 2. c4 e6 3. Nc3 Nf6 4. cxd5 Nxd5 5. e4 Nxc3 6. bxc3 c5 7. Nf3 cxd4 8. cxd4 Bb4+ 9. Bd2 Bxd2+ 10. Qxd2 O-O {Vorgänger:} 11. Bc4 $146 Nd7 12. O-O b6 13. Rfe1 Bb7 14. Rad1 Rc8 15. Bb3 Re8 16. h4 h6 17. Qf4 Qc7 18. Qxc7 Rxc7 19. d5 Nc5 20. d6 Rd7 21. Bc4 a6 22. e5 {1-0 (51) Vachier Lagrave,M (2789)-Giri,A (2782) Leuven 2018} 1/2-1/2

[Event "SRB-chT 1st League Men 2018"]
[Site "Valjevo"]
[Date "2018.09.02"]
[Round "3"]
[White "Popovic, Dusan"]
[Black "Solomunovic, Igor"]
[Result "0-1"]
[WhiteElo "2517"]
[BlackElo "2399"]
[Annotator "TA"]
[PlyCount "41"]
[EventDate "2018.08.31"]
[EventType "team-tourn"]
[EventCountry "SRB"]
[SourceTitle "playchess.com"]
[Source "ChessBase"]
[SourceQuality "1"]

{[%evp 17,41,-6,0,0,50,11,21,0,20,25,4,2,33,0,0,-52,-52,-189,-55,-188,0,-132,-8,-135,120,-117]} 1. Nf3 Nf6 2. g3 d5 3. Bg2 c6 4. O-O Bf5 5. d3 h6 6. Nc3 e6 {A07: Barcza-System (Königsfianchetto mit möglichen Übergängen in andere Systeme)} 7. Nd2 Be7 8. e4 Bh7 9. f4 Na6 {LiveBook: 3 Partien} 10. a3 Nc5 $146 ({Vorgänger:} 10... dxe4 11. dxe4 Qd4+ 12. Kh1 O-O 13. Qe2 Nc5 14. Rd1 {1-0 (42) Hera,I (2599)-Cardon,H (2398) Netherlands 2015}) 11. Qe2 b5 12. g4 Qc7 13. e5 Nfd7 14. Nf3 a5 15. f5 (15. d4 $5 {[%cal Rd4c5]}) 15... exf5 16. gxf5 ({Lieber} 16. Nd4 $11) 16... Bxf5 $15 17. Bf4 (17. Nd4 $15 Be6 18. Be3) 17... O-O (17... Ne6 $19 18. Be3 Nxe5 19. Nxe5 Qxe5) 18. Bg3 {[#]} (18. Nd4 $15 Be6 19. Qe3) 18... b4 $2 (18... Ne6 $1 $19 19. Qd2 b4 20. axb4 axb4) 19. Nd1 (19. e6 $11 {bleibt in der Remisbreite.} Qa7 20. exd7 Ne6+ 21. Bf2 Qxd7 22. Na4) 19... bxa3 (19... Ne6 $17 20. Ne3 Bg6 21. axb4 axb4) 20. bxa3 (20. e6 $1 $11 {war der einzige Weg, das Gleichgewicht zu behalten.} axb2 21. Nxb2) 20... Kh7 $2 {[%mdl 8192]} (20... Qa7 $17 {...Se4+ ist eine echte Drohung.} 21. Ne3 Ne6) 21. Ng5+ $2 {Precision: Weiß =  5%, Schwarz =  3%.} (21. e6 $1 $16 Qa7 22. exd7 Ne4+ 23. Ne3 Nxg3 24. hxg3) 0-1